[Event "Yopal"]
[Site "Yopal"]
[Date "1997.06.20"]
[Round "1"]
[White "Leko, Peter"]
[Black "Conquest, Stuart"]
[Result "1-0"]
[WhiteElo "2600"]
[BlackElo "2540"]
[Annotator "Har Zvi,R"]
[PlyCount "99"]
[EventDate "1997.06.20"]
[EventType "tourn"]
[EventRounds "9"]
[EventCountry "COL"]
[EventCategory "12"]
[SourceTitle "CBM 060"]
[Source "ChessBase"]
[SourceDate "1997.09.29"]
[SourceVersion "1"]
[SourceVersionDate "1997.09.29"]
[SourceQuality "1"]

1. e4 {Leko Hecht} d6 2. d4 Nf6 3. Nc3 g6 4. Bg5 c6 (4... h6) (4... Bg7 {Leko}
5. Qd2 h6 6. Bh4 g5 7. Bg3 Nh5 8. Nge2 $1 e6 (8... Nc6 9. d5 $1 Ne5 10. Nd4 $16
) 9. h4 $1 $36 {Leko-Beliavsky (Ubeda 1997, sp 4/97)}) 5. Qd2 b5 (5... h6) (
5... Nbd7) 6. Bd3 Nbd7 (6... h6 7. Bh4 (7. Be3 $5) 7... Nbd7 $6 (7... g5 8. Bg3
Nh5 9. e5 Bg7 10. Qe2 Nxg3 11. hxg3 dxe5 12. dxe5 b4 13. Nd1 Qd4 14. f4 $1 g4
15. Qe3 Qb6 16. Ne2 Na6 17. Nd4 Nc5 18. Bf5 $16 {Santo Roman,M-Chabanon,JL/
FRA-ch Montpellier 1991}) 8. f4 b4 9. Nce2 e5 10. dxe5 dxe5 11. Nf3 Be7 12.
fxe5 Nh5 13. Bxe7 Qxe7 14. e6 $1 Qxe6 15. Ned4 Qd6 16. e5 $1 Qd5 (16... Nxe5
17. Qe2 f6 18. Bxg6+) 17. e6 Ndf6 18. O-O Kf8 19. exf7 $18 {Leko,P-Dao Thein
Hai/Budapest 1993 59/(140)}) (6... Bg7 7. Nf3 h6 8. Be3 Ng4 9. Bf4 e5 10. dxe5
dxe5 11. Bg3 h5 12. h3 h4 13. hxg4 hxg3 14. Rxh8+ Bxh8 15. Qh6 $16 {Tal,
M-Gufeld,E/URS 1969}) 7. Nf3 {7.f4 is the main line and only after the "f"
pawn has moves to f4 white playes Nf3} Qc7 (7... Nb6 8. e5 dxe5 9. dxe5 Nfd5
10. O-O-O h6 11. Bh4 Bg7 12. Bxb5 cxb5 13. Nxd5 Be6 14. Nxb6 Qxd2+ 15. Kxd2
axb6 16. a3 O-O-O+ 17. Kc1 g5 18. Bg3 $16 {Kramnik,V-Alaan,V/Manila olm 1992})
(7... h6 8. Bxf6 $5 (8. Bf4 g5 (8... Nh5 9. Be3 Bg7 10. h3 b4 $6 11. Na4 Qa5
12. b3 Nb6 13. a3 $16 {Santo Roman,M-Chabanon,JL/FRA-chT 1991}) 9. Bg3 Nh5 10.
a4 b4 11. Nd1 a5 12. Ne3 Nb6 13. O-O Bg7 14. c3 bxc3 15. bxc3 Qc7 16. Qe2 $36 {
[%csl Re8] Santo Roman,M-Zaitshik,G Manila olm 1992}) 8... exf6 (8... Nxf6 9.
e5 $36 (9. e5 {Leko} dxe5 10. Nxe5 $16)) 9. d5 b4 10. dxc6 bxc3 11. cxd7+ Bxd7
12. Qxc3 Bg7 13. O-O O-O 14. Qd2 $16 {Kramnik,V-Nunn,J/Monaco rapid 1995}) 8.
O-O Bg7 9. Rfe1 O-O 10. h3 (10. e5 $5) (10. e5 {Leko} b4 (10... dxe5 $6 11.
dxe5 Ng4 12. Bxe7 Ndxe5 13. Nxe5 Bxe5 14. Bxf8) 11. Na4 Nd5 12. Bh6 $16) 10...
Bb7 (10... e5 $5 {this should not be a bad idea for black since if he can
devlope all his pieces with Bb7-Rfe8...he is quite OK} 11. Rad1 Bb7 12. Bf1
Rfe8 $13 (12... b4 $5 $13)) (10... e5 $5 {Leko}) 11. e5 {from this point the
game really begins} b4 (11... dxe5 12. dxe5 b4 13. Na4 Nd5 14. Bh6 c5 15. e6
$36 {is quite similar to the game}) 12. Na4 Nd5 13. Bh6 (13. exd6 {Leko} exd6
14. c4 bxc3 15. Nxc3 Nxc3 $1 16. bxc3 c5 $11) 13... c5 (13... dxe5 14. Bxg7
Kxg7 15. Nxe5 $14 {[%csl Rc5] /+/-}) 14. e6 c4 (14... fxe6 15. Bxg7 (15. Rxe6
$2 Rxf3 16. gxf3 Bxd4 $36) 15... Kxg7 16. Ng5 Qc6 (16... Nf4 {Leko} 17. Qxf4 $1
Rxf4 18. Nxe6+ $18) 17. Nxe6+ Kh8 18. Nxf8 Rxf8 19. b3 $16 cxd4 20. Bxg6) 15.
Bxg7 Kxg7 16. Bf1 c3 $6 {the begining of a big mass,but after the smoke will
clear white has the upper hand} (16... N7f6 $5 17. Ng5 (17. exf7 Qc6 18. b3 c3
19. Qc1 h6 $13) (17. a3 $1 {Leko} c3 18. Qc1 a5 19. Ng5 $40) 17... Qc6 (17...
Bc8 18. Nxf7 Bxe6 19. Rxe6 Kxf7 20. Rae1 $14) (17... c3 $1) 18. b3 c3 19. Qc1
Nc7 $1 $36) 17. bxc3 bxc3 18. Nxc3 Nxc3 (18... Qxc3 19. exd7 (19. Qxc3 $6 Nxc3
20. exd7 Bxf3 21. gxf3 e6 $13) 19... Qxd2 20. Nxd2 {[%cal Gc2c4]} e6 21. Rab1
$16 Bc6 22. Ne4) (18... fxe6 19. Nxd5 Bxd5 20. Ng5 $16) 19. exd7 Bxf3 (19... e6
$5) 20. Re3 (20. gxf3 Nd5 $17 (20... e6 $1 {Leko /\Rad8})) 20... Ne4 (20... Bd5
21. Rxc3 (21. Qxc3 {Leko} Qxd7 22. Qa5 $1) 21... Qxd7 $11 {[%csl Rc2] /=/+}) (
20... Nd5 21. Rxf3 Qxd7 22. c4 Nf6 $11) 21. Qe1 Ng5 (21... Qxd7 22. Rxf3 Nf6 (
22... d5 {Leko} 23. c4 $1 {/\c4-c5}) 23. c4 $11) 22. Rxe7 Bc6 $4 {throwing
away the game,or close to that after 22...Bd5 white has to find the correct
way to make a draw,but here suddenly white is much better and maybe even more
than that} (22... Bd5 23. h4 $1 (23. c4 Be6 24. h4 Qd8 25. Re8 Nf3+ $1 26. gxf3
Qxh4) (23. c4 $1 {Leko}) 23... Ne6 24. c4 Qd8 25. Re8 Rxe8 26. dxe8=Q Qxe8 27.
cxd5 Nxd4 $11 {/=/+}) (22... Be4 $6 {Leko} 23. Qe3 $1 h6 24. h4 Qd8 25. Re8
Rxe8 26. dxe8=N+ Qxe8 27. hxg5 hxg5 $6 28. Re1 Bc6 29. Qc3 $1 $18) (22... Kf6
$5 {Leko Zapata} 23. Re3 $1 (23. Qe3 Ne6 24. Re8 Bc6 $5 (24... Bb7 25. Bb5 $44)
25. d5 $1 Bxd5 (25... Raxe8 26. dxe8=N+ Bxe8 27. Qh6 $1 $16) 26. c4 Bxg2 $3 27.
Qc3+ Kg5 28. Qe3+ Kf6 $11) 23... Bb7 24. d5 (24. c4 $5 $40) 24... Bxd5 25. c4
$1 $40) (22... Rad8 $1 {Leko} 23. h4 (23. Qe3 Nxh3+ $1 24. gxh3 Ba8 25. c4 Rxd7
26. Re1 $13) 23... Rxd7 $1 24. Rxd7 Nh3+ $1 25. gxh3 Qxd7 26. c4 $1 Re8 27. Qc3
$14) 23. Qc3 $1 {[%cal Gd4d5]} d5 {it seems like is fine,is going to play Qd6
and take on d7,or maybe play with his knight,but white has another idea} (23...
Qd8 24. d5+ Kg8 25. Qe3 Nxh3+ (25... Bxd5 26. Qxg5 Be6 27. Re1 $16) 26. Qxh3
Bxd5 (26... Qxe7 27. dxc6 $18 {[%csl Gc6,Gd7]}) 27. Rae1 $16 {/+-}) 24. Rae1 $1
{[%cal Ge1e8,Ga7h7] now the threat is Bb5 [ before this was not possible
because of Qd6 when the rook on e7 is not protected ],and if the queen moves
as in the game than h4 is just enough} Qd6 (24... h6 {Leko} 25. Bb5 $1 $18) 25.
h4 Ne4 (25... Ne6 26. R1xe6) (25... Bxd7 {Leko} 26. hxg5) 26. R7xe4 Bxd7 (26...
dxe4 $2 27. d5+ Kg8 28. dxc6 $18 {[%csl Gc6,Gd7]}) 27. Re5 $16 {white is a
pawn up,and has the initiative} Rfc8 (27... Rfe8 {Leko} 28. h5) 28. Qd2 Rab8 (
28... h5) 29. h5 $40 {[%csl Rg7] not enough all white has,now he has also a
direct attack on black's king} Bf5 (29... Be6 30. Bd3 {[%cal Gd2f4]}) 30. Qf4 {
[%cal Ge5f5]} Rb6 (30... Bxc2 $2 31. h6+ Kg8 32. Re8+) 31. h6+ Kf8 32. Bd3 Bxd3
33. cxd3 {[%csl Rf8]} Rd8 $6 {losing immediately,but anyway black does not
have many chances to hold this position} (33... f6 $142 $16) 34. Qe3 $1 Rbb8 (
34... Qb8 35. Rxd5 Rxd5 $4 36. Qe7+ Kg8 37. Qe8+) 35. Rxd5 $1 {exchanging the
2 rooks for the queen will leave black with a very weak king,and white with 2
pass pawns which give him the win very easily} Qxd5 36. Qe7+ Kg8 37. Qf6 Qxd4
38. Re8+ Rxe8 39. Qxd4 {[#] Hecht: Der Bh6 als "Pfahl im Fleische" sorgt für
klaren weißen Vorteil. Das notwendige Abholen dieses Bauern kostet Zeit und
stört die Zusammenarbeit der Türme so nachhaltig, daß Weiß mit dem
a-Freibauern gewinnen kann. Beherrschung der Türme durch die Dame.} Kf8 40.
Qd6+ Kg8 41. Qd4 (41. Qf6 {Leko} Kf8) 41... Kf8 42. Qxa7 Rb1+ 43. Kh2 Ree1 44.
Qc5+ Ke8 45. a4 Rh1+ 46. Kg3 Rh5 (46... Rxh6 $2 {Hecht} 47. Qe3+) 47. Qc3 Rxh6
48. a5 g5 49. a6 Kd7 50. Qa5 (50. Qa5 {Hecht} Rb8 51. a7 Ra8 52. Qd5+ $18) 1-0

[Event "RUS-Cup9"]
[Site "Novgorod"]
[Date "1997.??.??"]
[Round "5"]
[White "Zagrebelny, Sergey"]
[Black "Morozevich, Alexander"]
[Result "0-1"]
[WhiteElo "2480"]
[BlackElo "2595"]
[Annotator "Har Zvi,R"]
[PlyCount "80"]
[EventDate "1997.06.11"]
[EventType "swiss"]
[EventRounds "9"]
[EventCountry "RUS"]
[SourceTitle "CBM 060"]
[Source "ChessBase"]
[SourceDate "1997.09.29"]
[SourceVersion "1"]
[SourceVersionDate "1997.09.29"]
[SourceQuality "1"]

1. e4 g6 2. d4 Bg7 3. Nf3 d6 4. c3 Nf6 5. Bd3 O-O 6. O-O c5 7. h3 (7. a3 Nc6 8.
d5 Ne5 9. Nxe5 dxe5 10. c4 e6 11. Nc3 exd5 12. cxd5 Ne8 13. Be3 b6 14. b4 cxb4
15. axb4 f5 16. f3 $16 {Topalov,V-Kakayeldyev,A Biel izt 1993}) (7. dxc5 dxc5
8. h3 Nc6 9. Qe2 (9. a4 Qc7 10. Na3 Rd8 11. Qc2 b6 12. Re1 Nd7 13. Bf1 Bb7 14.
Nh2 Nf8 15. Nb5 Qb8 16. Nf3 Nd7 17. Be3 $13 {Vaganian,R-Zysk,R BL 93/94}) 9...
Qc7 10. Re1 (10. e5 Nd5 11. Re1 Be6 12. a4 Rae8 13. Na3 Kh8 14. Nc4 Nb6 15. Bf4
Bd5 16. Ncd2 Bxf3 17. Nxf3 $16 {Danielsen,H-Kristiansen,J DEN-ch 1992}) 10...
Nd7 11. Bc2 b6 12. a4 Bb7 13. Nbd2 Rad8 14. Nf1 Qc8 $6 (14... h6 $142) 15. Bg5
Ba6 16. Qe3 Qb7 17. Rad1 c4 18. Nd4 $14 {/+/- Korchnoi,V-Nunn,J Brussels OHRA
1986}) 7... Nc6 8. d5 Na5 (8... Ne5) (8... Nb8) 9. c4 (9. Na3 b6 10. Bd2 e6 11.
c4 Re8 $6 (11... e5 {[%cal Gf6h5]}) 12. Re1 Nd7 $6 (12... e5 $14) 13. Rb1 Ne5
14. Nxe5 Bxe5 15. f4 $16 {Yusupov,A-Speelman,J Munchen 1992 54/110 [Yusupov,A]}
) 9... e5 (9... a6 10. Nbd2 (10. Nc3 Rb8 11. a4 Bd7 12. Qc2 b5 13. cxb5 c4 14.
Be2 axb5 15. axb5 Bxb5 16. Nxb5 Rxb5 17. Nd4 Rb7 {Sveshnikov,E-Tregubov,P
Ljubljana 1994 61/105 [Sveshnikov,E]} 18. Bxc4 Qc7 19. Bd3 Qxc2 20. Bxc2 Nc4
21. Nc6 e6 22. dxe6 fxe6 23. Nd4 $16) (10. a4 $5) 10... b5 11. cxb5 axb5 12.
Bxb5 Qb6 13. Be2 (13. Qe2 $5) 13... Ba6 14. Rb1 Nh5 15. g3 c4 16. Kg2 $14 {
Fedorov,A-Ibragimov,A UFa 1993}) 10. a3 b6 {the game which started in the pirc
opening,has transfered into a King's Indian position,with white playing on the
Queen's side trying to break through,and black playing on the King's trying to
mate white} 11. b4 Nb7 {this is really the only big difference from the
classical variation in the king's Indian,black knight stands on e7 and helps
the attack,but I think that on b7 the knight my be stronger since there white
wants to play c5,and if black playes c5,white sometimes take and open the "b"
file,here this is not possible since black has a knight on b7 which makes the
c5 square the most protected one on the board} 12. Ra2 $2 {to be honest I do
not understand this move at all,it is not easy for white to do something on
the Queen's side,it may be difficult,one idea is,and quite an obvious one in
this position uis to transfer the bishop on d3 [ which is normally on e2] to
a4 by Nc3-Bc2-Ba4 since in the king's Indian exchanging the white bishops is
very good for white} (12. Nc3 {[%cal Gd3c2,Gc2a4]}) 12... Kh8 (12... Nh5 $5)
13. Bg5 Qe8 14. Nc3 Ng8 15. Nb5 $6 {as we will see the knight on b5 is a
problem not something good} Qd7 {while now black's play is very simple it is
noit easy to fiand a plan for white on the Queen's side} 16. Nd2 f5 17. exf5 (
17. f3 f4 (17... Bh6 $5 {is a possible move,since exchanging the black bishops
is one of black's ideas}) 18. Bh4 h6 19. Bf2 g5 $132 {[%cal Gh6h5,Yg8h6,Gg5g4]}
) 17... gxf5 18. Bc2 (18. f4 $2 {usually white playes f4 after taking on f5,
but here this is not possible because white loses material thanks to the
knigth on b5} e4 19. Be2 a6 {[%csl Rb5]}) 18... Qf7 19. Nb3 $6 (19. bxc5 dxc5 (
19... bxc5 $2 {gives white play on the "b" file})) 19... Bd7 {please I am
asking again,can some tell me what the rook is doing on a2???} 20. bxc5 $6 Bxb5
$1 21. cxb5 dxc5 $15 {/-/+,now we can asses the position easily,white has a
weak pawn on d5,bad and uncordinated pieces [ Rook on a2,Knight on b3,bishop
on g5 while black controls the center,has a strong pass "c" and fantastic
place for his "bad" b7 knight which will not be so bad on d6!} 22. f3 $2 {
and another bad move which I can not understand,just creating weakness on some
other black squares,white had to play Qd2 although after Nd6 and Nf6 black is
better} Nd6 23. a4 Nf6 $17 {/-+} 24. Qd2 (24. Bxf6 $142 Bxf6 25. Qd2 Rg8 {
seems very bad for white,but in the game black is winning}) 24... Nxd5 25. Rd1
Nb4 26. Raa1 Nc4 27. Qe2 Nxc2 28. Qxc2 f4 $1 $19 29. Qe4 Ne3 30. Rdb1 Qh5 (
30... Nf5 $1 {[%csl Rh4][%cal Gh7h6]} 31. a5 Rab8) 31. Be7 Rg8 (31... Rfe8 32.
a5 Rab8 33. axb6 axb6 34. Ra7 Qf7 35. Qb7 Qg6 36. Rb2 e4) 32. g4 Qh6 (32...
Qxh3 $2 33. Ra2 Qg3+ 34. Kh1 $13 {[%csl Rg3,Rh7][%cal Ga2h2,Gb1g1]}) 33. h4
Rae8 {white should resign here} 34. Bg5 Qe6 35. Ra2 h6 36. Rh2 Bf8 37. Nd2 Rg7
38. Kf2 Rd7 39. Ke2 Bg7 40. Qc6 Rd6 0-1

[Event "EU-chT (Men) 11th"]
[Site "Pula"]
[Date "1997.05.??"]
[Round "5.2"]
[White "Degraeve, Jean Marc"]
[Black "Movsesian, Sergei"]
[Result "1-0"]
[WhiteElo "2515"]
[BlackElo "2630"]
[Annotator "Har Zvi,R"]
[PlyCount "115"]
[EventDate "1997.05.05"]
[EventType "team-swiss"]
[EventRounds "9"]
[EventCountry "CRO"]
[SourceTitle "CBM 057 Extra"]
[Source "ChessBase"]
[SourceDate "1997.05.01"]
[SourceVersion "1"]
[SourceVersionDate "1997.05.01"]
[SourceQuality "1"]
[WhiteTeam "France"]
[BlackTeam "Czech Republic"]
[WhiteTeamCountry "FRA"]
[BlackTeamCountry "CZE"]

1. e4 c5 2. c3 d6 3. d4 Nf6 4. Bd3 g6 {the main moves in the position are 4...
dxc5 and 4...Nc6} 5. h3 (5. dxc5 dxc5 6. e5 Nd5 (6... Nfd7 7. e6 fxe6 8. Nf3
Bg7 9. Qe2 O-O 10. h4 $1 Nc6 11. Nbd2 Nde5 12. Be4 Qd6 {David,P-Salai,L CSFR
1990} 13. Nc4 Nxc4 14. Qxc4 Ne5 15. Nxe5 Qxe5 16. Be3 $16) (6... Ng4 7. Bb5+)
7. Be4 Nb6 (7... Nc7 8. Qxd8+ Kxd8 9. Be3 Ne6 10. Na3 Kc7 11. Nb5+ Kb6 12. a4
Bd7 13. c4 $36 {Sermek,D-Cebalo,M Maribor Pirc 1994} (13. b4 $5)) 8. Qxd8+ Kxd8
9. Na3 Nc6 (9... Bg7 10. Nf3 N8d7 11. Be3 a6 12. e6 $1 fxe6 13. Ng5 Nf6 14. Bc2
Kc7 15. Bxc5 $16 {alpha Junior-Polgar,J Budapest m 1996}) 10. Nf3 Bf5 {Lautier,
J-Polgar,J Dos hermanas 1994 60/(144)} 11. Bxc6 bxc6 12. Be3 $14 {/+/-}) 5...
Bg7 6. Nf3 O-O 7. O-O Qc7 8. Qe2 (8. Be3 b6 9. Nbd2 e5 10. Re1 Nc6 11. dxe5
dxe5 12. Qc2 Bb7 13. Rad1 Rad8 14. Bg5 Rd7 15. Nf1 Rfd8 16. Ne3 Ne7 $13 {
Smyslov,V-Polgar,J Prague Wom-Vet 1995}) (8. Re1 e5 (8... a6 $6 9. e5 Nd5 10.
Be4 Nb6 11. Bf4 $14 {Hickel,J-Gostisa,L Lippstadt 1994}) 9. dxe5 dxe5 10. Nbd2
Rd8 11. Qc2 Nbd7 12. a4 b6 13. Bc4 Nf8 14. Ng5 Rd7 15. a5 Rb8 16. axb6 axb6 17.
Bb5 Rd8 18. Nc4 $14 {Kamsky,G-Polgar,J Madrid 1994}) 8... Nc6 (8... a6 9. Bf4
b5 10. e5 (10. a4 $5 b4 11. Nbd2 $14) 10... Nd5 11. Bg3 Qb6 12. Nbd2 (12. dxc5
$5) 12... cxd4 13. cxd4 Nb4 14. Be4 d5 15. Bb1 a5 {Ljubojevic,L-Polgar,J
Monaco Blind 1994} 16. Qe3 $1 {[%cal Gg3f4,Gf4h6]}) 9. Be3 b6 10. Nbd2 (10. d5
$5 Nb8 (10... Ne5 11. Nxe5 dxe5 12. c4 Nh5 13. Nc3 Nf4 14. Qd2 $14 {/~~}) 11.
c4 e6 12. Nc3 $14) 10... e5 11. dxe5 dxe5 12. Ba6 Bd7 13. a4 {white fight for
the control of the white squares in the center the c4-d5 squares that's why he
wanted to exhange the white bishops and played a4 to secure the b5 and c4
squares} h6 14. Rfd1 Rad8 15. Rac1 Nb8 16. Bb5 Bc8 (16... Bxb5 17. axb5 {
[%csl Ra7]}) 17. a5 Bb7 (17... bxa5 $6 {[%csl Ra5,Ra7,Rc5]}) 18. axb6 axb6 19.
Qc4 Ne8 20. Bxe8 Rfxe8 {the position is about equal,black has the advantage of
two bishops but his "g7" bishop is not that good while white has some key
squares in the center under his control} 21. b4 Ba6 (21... Nd7 22. Ra1 Ra8 $11)
22. b5 Bb7 23. Nh2 (23. Nf1 Kh7 24. Ng3) 23... Kh7 24. f3 f5 25. Nhf1 Rd6 (
25... f4 26. Bf2 Nd7 27. Ra1 $13) 26. Re1 Nd7 (26... f4 27. Bf2 Red8 28. Qe2)
27. Qa2 Nf6 (27... Ra8 28. Qb3) 28. exf5 gxf5 29. Qc2 Bc8 30. Ng3 Kg6 31. Nc4
Rdd8 32. Bf2 Nd5 (32... e4 33. fxe4 fxe4 34. Nd2) 33. Rcd1 Rf8 34. Rd2 Nf4 (
34... Be6 $5) 35. Red1 Be6 $2 {a move ago this was not bad now this is close
to losing!} (35... Bf6) (35... Rxd2 36. Rxd2 Rd8 37. Rxd8 Qxd8 38. Ne3 Qf8 {
when it seems black can survive}) 36. Nd6 $1 {and now there is now defence
against the threat of a knight taking on f5,in most variations the "d" knighg
but in some variations the "g" knight as we will see} c4 (36... Ra8 37. Ngxf5
$1 (37. Ndxf5 Rxf5 38. Rd6 Qf7 39. Rxb6 $36) 37... Rxf5 38. g4) 37. Ndxf5 Nd3 (
37... Rxd2 38. Nh4+ (38. Rxd2 $6 Rxf5 39. Qe4 $13) 38... Kf7 39. Rxd2 $16) 38.
Ne3 Kh7 39. Ne4 Kh8 (39... Ra8 40. Rxd3 $5 cxd3 41. Qxd3 Kh8 42. Qd6 (42. Nd5)
42... Qf7 (42... Qxd6 43. Rxd6 $18) 43. Ng4 $16) 40. Bh4 Rd7 (40... Ra8 {
seems like more narmal move just putting your rook on an open file,since just
immediately after black played 40...Rd7 white played 41.Qa2 getting the
control over the "a" file}) 41. Qa2 {[%cal Ga1a8]} Bg8 {[%cal Gg8h7] with the
idea Bh7,but white find a nice way to deal with this threat} 42. Qa3 Rf4 (42...
Bh7 43. Nf6 $1 Rdf7 (43... Rxf6 44. Bxf6 Bxf6 45. Qf8+) 44. Nfd5 (44. Nxh7 Kxh7
45. Bg3) 44... Qb7 45. Qa6 Qxa6 46. bxa6 $16) 43. Bg3 Bf8 44. Qa4 Bc5 {[%tqu
"De","the position seems highly complicated,there are many hanging pieces and
some exact calculations must be made in order to win,try to see white's
sontinuation,as in the game which could not have been played better!","","",
"e4c5","",6]} 45. Nxc5 Qxc5 46. Rxd3 $1 Rxd3 47. Rxd3 Rf6 (47... cxd3 48. Bxf4
exf4 49. Qxf4) 48. Qb4 $1 {the end} Qxb4 49. cxb4 cxd3 50. Bxe5 Kg7 51. Kf2 Kg6
52. Bxf6 Kxf6 53. Ng4+ Kg5 54. Ke3 Bc4 55. g3 Bxb5 56. Nf2 Kf5 57. Nxd3 Ke6 58.
Kd4 1-0